Deťom dúhy

Bibliographic Details
Main Author: Jančík, Janko (Author)
Other Authors: Topolčany, Roman, 1962- (Illustrator)
Format: Book
Language:Slovak
PhysicalDescription:53 s. fareb. ilustr. 25 cm
Published: V Liptovskom Mikuláši Tranoscius 2011
ISBN:9788071403494
Edition:1. vyd.
Subjects:

MARC

LEADER 00000cam a2200000 a 4500
001 vtls010284815
003 SK-MaSNL
005 20260301173124.0
008 240318n2011 xo a 0 0 p slo
015 |a SNBA2011/08-04428 
020 |a 9788071403494  |q (viaz.) 
035 |a 96CB969C-3FAA-40D2-9E94-50894718B224 
035 |a urn:nbn:sk:snk-amji1x 
035 |a urn:nbn:sk:snk-am001yds 
040 |a SNK  |b slo  |c SNK  |e AACR2 
041 0 |a slo 
044 |a xo  |c SK 
072 7 |a 821.162.4-1  |x Slovenská poézia  |2 konspekt 
072 7 |a 821-93  |x Literatúra pre deti a mládež  |2 konspekt 
080 |a 821.162.4-1  |2 2001 
080 |a 821-93  |2 2001 
100 1 |a Jančík, Janko  |4 aut  |9 543492 
245 1 0 |a Deťom dúhy  |c Janko Jančík ; [ilustroval Roman Topolčany] 
250 |a 1. vyd. 
260 |a V Liptovskom Mikuláši  |b Tranoscius  |c 2011 
300 |a 53 s.  |b fareb. ilustr.  |c 25 cm 
655 7 |a Children's literature  |2 SNKPHeng  |9 276039 
655 7 |a slovenská poézia  |2 SNKPH  |9 70444 
655 7 |a publikácie pre deti  |2 SNKPH  |9 70148 
655 7 |a Slovak poetry  |2 SNKPHeng  |9 265010 
700 1 |a Topolčany, Roman,  |d 1962-  |4 ill  |9 363170 
752 |a Slovensko  |d Liptovský Mikuláš 
852 |a Štátna vedecká knižnica v Banskej Bystricica 
919 |a 978-80-7140-349-4 
958 |a LX 
958 |a DB 
968 |d 821 
999 |c 835813  |d 837743 
952 |a SNK  |b SNK  |y PREZ  |7 0  |p 17A0704780  |o snkSC 145850  |i snk2011/13803  |8 0  |0 0  |1 0  |4 0  |d 2011-06-16  |l 0  |r 2025-07-15 00:00:00  |w 2026-02-24 
952 |a SNK  |b SNK  |y VYP  |7 0  |p 17A0704781  |o snkSC 145850 D1  |i snk2011/13804  |8 0  |0 0  |1 0  |4 0  |d 2011-06-16  |f 1  |l 0  |r 2026-02-24 03:52:50  |w 2026-02-24